000 00460nam a2200181Ia 4500
005 20250423095053.0
008 250422s9999 xx 000 0 und d
020 _a81-7012-361-5
050 _aKN 190 .S7/
100 _aSrivastava, K.D.
245 0 _aDisciplinary action against Industries employees and its remedies.
250 _a2nd edi
260 _aLucknow
260 _bEastern Book Company.
260 _c1998
300 _a903 p
942 _cBK
999 _c29149
_d29149